[Event "Paracin op 16th"]
[Site "Paracin"]
[Date "2023.07.08"]
[Round "2"]
[White "Makarenko, Kirill Al"]
[Black "Spasic, Petar"]
[Result "1/2-1/2"]
[WhiteElo "1808"]
[BlackElo "2303"]
[PlyCount "48"]
[EventDate "2023.07.07"]
[EventType "swiss"]
[EventRounds "9"]
[EventCountry "SRB"]
[SourceTitle "EXT 2024"]
[Source "ChessBase"]
[SourceDate "2023.10.10"]
[SourceVersion "1"]
[SourceVersionDate "2023.10.10"]
[SourceQuality "1"]

1. d4 Nf6 2. c4 e6 3. Nc3 Bb4 4. e3 0-0 5. Bd3 c5 6. Nf3 d5 7. 0-0 cxd4 8. exd4 dxc4 9. Bxc4 Qc7 10. Qe2 Nc6 11. Bg5 Be7 12. Rfd1 Rd8 13. Rac1 Qa5 14. d5 exd5 15. Bxf6 Bxf6 16. Rxd5 Qb6 17. Rxd8+ Qxd8 18. Rd1 Qf8 19. Ne4 Bg4 20. Nxf6+ gxf6 21. Qe4 Bxf3 22. Qxf3 Qg7 23. Bd5 Re8 24. Qb3 Nd8 1/2-1/2

[Event "Moscow op-A 17th"]
[Site "Moscow"]
[Date "2021.02.27"]
[Round "8"]
[White "Makarenko, Kirill Al"]
[Black "Voronin, Nikita1"]
[Result "1-0"]
[WhiteElo "1507"]
[BlackElo "1732"]
[PlyCount "89"]
[EventDate "2021.02.20"]
[EventType "swiss"]
[EventRounds "9"]
[EventCountry "RUS"]
[SourceTitle "EXT 2022"]
[Source "ChessBase"]
[SourceDate "2021.10.06"]
[SourceVersion "1"]
[SourceVersionDate "2021.10.06"]
[SourceQuality "1"]

1. d4 d5 2. c4 e6 3. Nc3 Nf6 4. cxd5 exd5 5. Bg5 c6 6. e3 Be7 7. Bd3 Bg4 8. Nge2 Bh5 9. 0-0 Bg6 10. f3 Bxd3 11. Qxd3 Nbd7 12. Bh4 0-0 13. Bf2 Re8 14. Ng3 g6 15. h3 Bd6 16. e4 Bxg3 17. Bxg3 dxe4 18. Nxe4 Nxe4 19. fxe4 Ne5 20. Qc3 Nd7 21. Rae1 Rc8 22. Qb3 Re6 23. Qxb7 Nf6 24. Be5 Nd7 25. Bg3 Nf6 26. d5 cxd5 27. exd5 Rxe1 28. Bxe1 Rc7 29. Qb3 Nxd5 30. Ba5 Nb6 31. Bxb6 axb6 32. Qxb6 Qc8 33. Qf6 Qb7 34. Rd1 Qa7+ 35. Qd4 Qb7 36. Re1 Rc8 37. a4 Rb8 38. b4 Ra8 39. b5 f6 40. Qxf6 Qa7+ 41. b6 Qxa4 42. Re7 Qa1+ 43. Qxa1 Rxa1+ 44. Kh2 Kf8 45. Rc7 1-0

[Event "Moscow op-A 17th"]
[Site "Moscow"]
[Date "2021.02.26"]
[Round "7"]
[White "Korovko, Iakov1"]
[Black "Makarenko, Kirill Al"]
[Result "1/2-1/2"]
[WhiteElo "1606"]
[BlackElo "1507"]
[PlyCount "127"]
[EventDate "2021.02.20"]
[EventType "swiss"]
[EventRounds "9"]
[EventCountry "RUS"]
[SourceTitle "CBM 200 Extra"]
[Source "ChessBase"]
[SourceDate "2021.03.31"]
[SourceVersion "1"]
[SourceVersionDate "2021.03.31"]
[SourceQuality "1"]

1. e4 d6 2. f4 Nf6 3. Nc3 e5 4. Nf3 Nbd7 5. Bc4 Be7 6. 0-0 0-0 7. d4 exd4 8. Nxd4 Nc5 9. Qf3 c6 10. Bb3 Nxb3 11. axb3 d5 12. e5 Bc5 13. Be3 Ng4 14. Na4 Be7 15. Ne2 f6 16. Nb6 Rb8 17. Nxc8 Qxc8 18. exf6 Nxf6 19. Bxa7 Ra8 20. Bd4 Qf5 21. Qd3 Qxd3 22. cxd3 c5 23. Be5 d4 24. Bxf6 Bxf6 25. Ng3 Ra6 26. Rxa6 bxa6 27. Ne4 Be7 28. Ra1 Rb8 29. Nd2 Rb6 30. g4 Kf7 31. Kf2 Re6 32. Ne4 g6 33. Kf3 Kf8 34. h4 h5 35. g5 Kf7 36. b4 Bd8 37. bxc5 Bc7 38. b4 Bxf4 39. Ra5 Rc6 40. Nd6+ Bxd6 41. cxd6 Ke6 42. Ke4 Rxd6 43. Re5+ Kf7 44. Rd5 Rb6 45. Rxd4 Ke6 46. Rc4 Kd6 47. Kd4 Rb5 48. Kc3 a5 49. bxa5 Rxa5 50. Rf4 Ra3+ 51. Kd4 Ra4+ 52. Ke3 Ra1 53. Rf6+ Ke7 54. Kf2 Rh1 55. Kg3 Rd1 56. Rf3 Rg1+ 57. Kh2 Rg4 58. Kh3 Rd4 59. Kg3 Rg4+ 60. Kf2 Rxh4 61. Rf6 Rd4 62. Rxg6 Rxd3 63. Rh6 Kf7 64. Rxh5 1/2-1/2